| 000 | 00864cam a22002651 4500 | ||
|---|---|---|---|
| 001 | 17118 | ||
| 003 | BD-RjUL | ||
| 005 | 20211209000106.0 | ||
| 008 | 140216s1961 nyu 000 0 eng | ||
| 035 | _a(BD-RjUL)17175 | ||
| 035 | _a(OCoLC)1702334 | ||
| 040 |
_aDLC _cNNepaSU _dOCoLC _dOrPPC _dOCoLC _dDLC _dBD-RjUL _beng |
||
| 041 | _aeng | ||
| 082 | 0 |
_a882.0109 _219 _bCOO |
|
| 100 | 1 |
_aCornford, Francis Macdonald, _d1874-1943. _93832 |
|
| 245 | 1 | 4 |
_aThe origin of Attic comedy / _cEdited and with a foreword and additional notes by Theodor H. Gaster. |
| 260 |
_aGarden City, N.Y. : _bAnchor Books, _c1961. |
||
| 300 |
_axxx, 289 p. ; _c19 cm. |
||
| 490 | 0 |
_aA Doubleday anchor book, _vA263 |
|
| 650 | 0 |
_aGreek drama (Comedy) _xHistory and criticism. _952807 |
|
| 740 | 0 | _aAttic comedy. | |
| 942 |
_2ddc _cBK |
||
| 999 |
_c17118 _d17118 |
||